LEADER 01321nam a2200265 i 4500 001 000000165360 003 CaOOAMICUS 005 20071015000000.0 008 071015s1932 it u000 u ita u 013 $a142728 040 $aSeMil$bita 100 1 $aGentile, Marino <1906-1991>.$0(OLS)http://semarc/name/39127 245 12$aI fondamenti metafisici della morale di Seneca /$cMarino Gentile. 260 $aMilano :$bVita e Pensiero,$c1932. 300 $a92 p. ;$c26 cm. 490 0 $aPubblicazioni della Università Cattolica del Sacro Cuore. Ser. 1., Scienze filosofiche ;$vVol.19. 490 0 $aPubblicazioni della Università Cattolica del Sacro Cuore 650 4$aSeneca, Lucio Anneo <4 a.C.-65 d.C.> - Etica.$0(OLS)http://semarc/subject/31390 830 0$aPubblicazioni della Università Cattolica del Sacro Cuore. Ser. 1., Scienze filosofiche ;$vVol.19.$0(OLS)http://semarc/title/12644 830 0$aPubblicazioni della Università Cattolica del Sacro Cuore.$0(OLS)http://semarc/title/22052 850 $aSeMil 852 $aSeMil$W1$xVenegono$y1$m2P VI 370$j116554$B116554$CSeMilBibl$Z2$F127619 $81 961 $aRecupero: Altro 996 $6245$aI fondamenti metafisici della morale di Seneca$9(OLS)http://semarc/title/236085 996 $6260$aMilano :$bVita e Pensiero$9(OLS)http://semarc/publisher/29642 LEADER 01011nam a2200205 i 4500 001 000000251793 003 CaOOAMICUS 005 20161201000000.0 008 161201s1804 it u000 u ita u 013 $a230698 026 $aO.RI r-on i-sa Unve (7) 1805 (R) 040 $aSeMil$bita 245 10$aTomo 38. 300 $a337, [3] p. 500 $aContiene: Giuseppe Palmieri, Osservazioni sulle tariffe con applicazione al Regno di Napoli; Della ricchezza nazionale. - Segn.: [A]8 B-X8 Y2 (Y2 bianca). 773 0 $tScrittori classici italiani di economia politica.$dMilano : Nella Stamperia e Fondria di G. G. Destefanis, a san Zeno n. 534, 1803-1816.$g45$w()33494 773 0 $tScrittori classici italiani di economia politica. Parte moderna.$dMilano : Nella Stamperia e Fonderia di G. G. Destefanis, a san Zeno n. 534, 1803-1805.$g38$w()33495 850 $aSeMil 852 $aSeMil$W1$xVenegono$y1$m3M II 38 FA$j202139$B202139$CSeMilBibl$Z2$F214756 $8I 996 $6245$aTomo 38$9(OLS)http://semarc/title/353958